Muir's Historical atlas, ancient and classical : comprising Muir's Atlas of ancient and classical history and Muir's Historical atlas--medieval and modern /

Disimpan dalam:
Butiran Bibliografi
Pengarang Utama: Muir, Ramsay, 1872-1941.
Pengarang-pengarang Lain: Treharne, R. F. 1901-1967 (ed.), Fullard, Harold, (ed.)
Format: Buku
Bahasa:English
Diterbitkan: New York : Barnes & Noble, 1962.
Subjek-subjek:
Penanda-penanda: Tambah Penanda
Tiada Penanda, Jadilah orang pertama menanda rekod ini!
LEADER 01020cam a2200229Ii 4500
001 001431663-3
005 20020606090541.3
008 770520s1962 xx 00000 eng d
035 0 |a ocm02982019 
040 |a ALL  |c ALL  |d m.c. 
100 1 |a Muir, Ramsay,  |d 1872-1941. 
245 1 |a Muir's Historical atlas, ancient and classical : comprising Muir's Atlas of ancient and classical history and Muir's Historical atlas--medieval and modern /  |c Edited by R. F. Treharne and Harold Fullard. 
246 3 |a Historical atlas, ancient and classical. 
260 0 |a New York :  |b Barnes & Noble,  |c 1962. 
300 |a 1 v. (various pagings) :  |b col. maps.  |c 29 cm. 
500 |a Cover title: Muir's atlas of ancient and classical history. 
505 0 |a Atlas of ancient and classical history. 2d ed., 1956.--HistoricaL atlas, medieval and modern. 9th ed., c1962. 
650 0 |a Historical geography  |v Maps. 
700 1 |a Treharne, R. F.  |q (Reginald Francis),  |d 1901-1967  |e ed. 
700 1 |a Fullard, Harold,  |e ed. 
988 |a 20020608 
906 |0 OCLC